[Event "Manizales op 27th"]
[Site "Manizales"]
[Date "2022.01.09"]
[Round "6"]
[White "Vargas, Eduar Misael"]
[Black "Ramirez Zuluaga, Juan Diego"]
[Result "1/2-1/2"]
[WhiteElo "1926"]
[BlackElo "1613"]
[PlyCount "79"]
[EventDate "2022.01.06"]
[EventType "swiss"]
[EventRounds "8"]
[EventCountry "COL"]
[SourceTitle "CBM 206 Extra"]
[Source "ChessBase"]
[SourceDate "2022.03.31"]
[SourceVersion "1"]
[SourceVersionDate "2022.03.31"]
[SourceQuality "1"]

1. d4 d5 2. c4 dxc4 3. Nf3 Nf6 4. Nc3 Bf5 5. Ne5 Nbd7 6. Nxc4 Nb6 7. Ne5 e6 8. f3 c5 9. e4 Bg6 10. Bb5+ Nfd7 11. Be3 Rc8 12. d5 a6 13. dxe6 axb5 14. exd7+ Nxd7 15. Qxd7+ Qxd7 16. Nxd7 Kxd7 17. Nxb5 Be7 18. Kf2 Rhd8 19. Rhd1+ Ke6 20. Rxd8 Bxd8 21. Rc1 Bf6 22. b3 b6 23. Rc4 Kd7 24. g4 Re8 25. Bf4 Bd8 26. Rc2 Kc6 27. a4 h5 28. gxh5 Bxh5 29. Rd2 Bh4+ 30. Ke3 Rd8 31. Bd6 f6 32. e5 fxe5 33. Bxe5 Rxd2 34. Kxd2 Bxf3 35. Bxg7 Bg5+ 36. Kc3 Be2 37. Na3 b5 38. Nxb5 Bxb5 39. axb5+ Kxb5 40. Be5 1/2-1/2

[Event "COL-ch U1800"]
[Site "Villamaria"]
[Date "2019.11.03"]
[Round "5"]
[White "Morales, Luis Eduardo"]
[Black "Ramirez Zuluaga, Juan Diego"]
[Result "0-1"]
[WhiteElo "1727"]
[BlackElo "1476"]
[PlyCount "56"]
[EventDate "2019.11.01"]
[EventType "swiss"]
[EventRounds "7"]
[EventCountry "COL"]
[SourceTitle "CBM 193 Extra"]
[Source "ChessBase"]
[SourceDate "2020.01.31"]
[SourceVersion "1"]
[SourceVersionDate "2020.01.31"]
[SourceQuality "1"]

1. e4 e5 2. Nf3 Nf6 3. Nc3 Nc6 4. Bc4 Nxe4 5. Nxe4 d5 6. Bd3 f5 7. Bb5 fxe4 8. Nxe5 Qf6 9. Nxc6 bxc6 10. Be2 Bc5 11. 0-0 0-0 12. Qe1 Qh4 13. b3 Rf6 14. d3 exd3 15. Bxd3 Bg4 16. Be3 Bd6 17. g3 Qh5 18. f4 Re8 19. Qd2 Bh3 20. Rf2 Rfe6 21. Bd4 c5 22. Bb2 c4 23. Bf1 Bc5 24. Bd4 Bxd4 25. Qxd4 Re1 26. bxc4 dxc4 27. Rxe1 Rxe1 28. Qxc4+ Qf7 0-1

[Event "COL-ch U1700"]
[Site "Pereira"]
[Date "2019.03.25"]
[Round "9"]
[White "Almanza Avila, Nataly"]
[Black "Ramirez Zuluaga, Juan Diego"]
[Result "1-0"]
[WhiteElo "1365"]
[BlackElo "1546"]
[PlyCount "59"]
[EventDate "2019.03.21"]
[EventType "swiss"]
[EventRounds "9"]
[EventCountry "COL"]
[SourceTitle "CBM 189 Extra"]
[Source "ChessBase"]
[SourceDate "2019.06.03"]
[SourceVersion "1"]
[SourceVersionDate "2019.06.03"]
[SourceQuality "1"]

1. d4 Nf6 2. c4 g6 3. Nc3 c5 4. dxc5 Bg7 5. e4 Qa5 6. Bd3 Nh5 7. Qc2 Qxc5 8. Be3 Qc7 9. Nf3 d6 10. h3 e6 11. 0-0 Nc6 12. Rac1 Nf6 13. Rfd1 0-0 14. Nb5 Qe7 15. Be2 Nb4 16. Qa4 d5 17. cxd5 exd5 18. Rc7 Qxe4 19. Nc3 Qc2 20. Qxb4 Ne4 21. Bd3 Bxc3 22. Bxc2 Bxb4 23. Rxd5 Nf6 24. Rd1 Ba5 25. Re7 Bb4 26. Re5 Re8 27. Rxe8+ Nxe8 28. Rd8 Kf8 29. Ba4 Bd7 30. Rxd7 1-0

[Event "COL-ch U1700"]
[Site "Pereira"]
[Date "2019.03.22"]
[Round "2"]
[White "Ramirez Zuluaga, Juan Diego"]
[Black "Ossa Ramirez, Jesus Antonio"]
[Result "0-1"]
[WhiteElo "1546"]
[BlackElo "1651"]
[PlyCount "42"]
[EventDate "2019.03.21"]
[EventType "swiss"]
[EventRounds "9"]
[EventCountry "COL"]
[SourceTitle "CBM 189 Extra"]
[Source "ChessBase"]
[SourceDate "2019.06.03"]
[SourceVersion "1"]
[SourceVersionDate "2019.06.03"]
[SourceQuality "1"]

1. e4 e5 2. Nf3 Nc6 3. Bc4 h6 4. d4 exd4 5. Nxd4 Ne5 6. Bb3 Nf6 7. f4 Ng6 8. Qe2 c6 9. e5 Nd5 10. Qe4 Qa5+ 11. Bd2 Bb4 12. c3 Be7 13. c4 Nb4 14. Nf3 Qb6 15. f5 Nf8 16. f6 g5 17. fxe7 Ne6 18. c5 Nxc5 19. Qc4 Ncd3+ 20. Kd1 Nxb2+ 21. Ke1 Nxc4 0-1